Normal view
MARC view
- Ryder, Rodney D.
Entry Personal Name
001 - CONTROL NUMBER
- control field: 4069
003 - CONTROL NUMBER IDENTIFIER
- control field: OSt
005 - DATE AND TIME OF LATEST TRANSACTION
- control field: 20210321152116.0
008 - FIXED-LENGTH DATA ELEMENTS
- fixed length control field: 210321|| aca||aabn | a|a d
040 ## - CATALOGING SOURCE
- Original cataloging agency: OSt
- Transcribing agency: OSt
100 ## - HEADING--PERSONAL NAME
- Personal name: Ryder, Rodney D.
670 ## - SOURCE DATA FOUND
- Source citation: Work cat.: (OSt): Ryder, Rodney D., Guide to Cyber Laws/ Information Technology ACT, 2000 E-Commerce, Data Protection & The Internet, c2003
